000 00889nam a2200253Ia 4500
003 OSt
005 20221005112726.0
006 a|||||r|||| 00| 0
007 ta
008 221004b |||||||| |||| 00| 0 pan d
020 _a9788182993334 (pbk)
_cINR 260.00
024 _a33451
037 _b781, 27/02/2017, H.K. Prakashan
_cTextual
040 _aCRL
_cCRL
_bpan
041 _2pan
_apan
082 _aO153:g(U42), Q7
100 _aਜਸਪਾਲ ਕੌਰ, ਂਚ.
245 0 _aਡਾਇਸਪੋਰਾ
_b ਸਾਹਿਤਕ ਪ੍ਰਵਚਨ
260 _aਦਿੱਲੀ
_bਆਰਸੀ ਪਬਲਿFਰਗ਼ ਭਾਰਤ
_c2017
300 _a134ਪ੍ਰ0
_ccm.
650 _a ਪੰਜਾਬੀ ਸਾਹਿਤ
942 _hO153:g(U42), Q7
_cTEXL
_2cc
999 _c1025784
_d1025784